|
|
|
|
| LEADER |
00000nam a2200000 a 4500 |
| 001 |
vtls009289293 |
| 003 |
SK-MaSNL |
| 005 |
20260425225711.0 |
| 008 |
240313s2007 xo f p 000 0 slo |
| 015 |
|
|
|a SNBA2008/08-03192
|
| 020 |
|
|
|a 9788089085958
|q (viaz.)
|
| 035 |
|
|
|a urn:nbn:sk:snk-am00a1ad
|
| 035 |
|
|
|a urn:nbn:sk:snk-am3hcyp
|
| 035 |
|
|
|a F5E0011F-9FE2-404D-A595-7C0777863B06
|
| 040 |
|
|
|a SNK
|b slo
|c SNK
|e AACR2
|
| 041 |
0 |
|
|a slo
|
| 043 |
|
|
|a e-xo---
|
| 044 |
|
|
|a xo
|c SK
|
| 072 |
|
7 |
|a 349
|x Pracovné, sociálne, stavebné právo. Právo životného prostredia
|2 konspekt
|
| 072 |
|
7 |
|a 37.016
|x Učebné osnovy. Vyučovacie predmety. Učebnice
|2 konspekt
|
| 080 |
|
|
|a 349.2
|2 2001
|
| 080 |
|
|
|a (437.6)
|2 2001
|
| 080 |
|
|
|a (075.8)
|2 2001
|
| 100 |
1 |
|
|a Barancová, Helena,
|d 1949-
|4 aut
|9 85515
|
| 245 |
1 |
0 |
|a Pracovné právo
|c Helena Barancová, Robert Schronk
|
| 250 |
|
|
|a [1. vyd.]
|
| 260 |
|
|
|a Bratislava
|b Sprint
|c 2007
|
| 300 |
|
|
|a 813 s.
|c 22 cm
|
| 500 |
|
|
|a Obsahuje použité skratky
|
| 504 |
|
|
|a Bibliografia s. 813-[815]
|
| 650 |
0 |
7 |
|a pracovné právo
|2 SNKPH
|9 982
|
| 651 |
|
7 |
|a Slovensko
|2 SNKPH
|9 14231
|
| 655 |
|
7 |
|a učebnice vysokých škôl
|2 SNKPH
|9 70191
|
| 700 |
1 |
|
|a Schronk, Robert,
|d 1953-
|4 aut
|9 87208
|
| 919 |
|
|
|a 978-80-89085-95-8
|
| 958 |
|
|
|a NB
|
| 958 |
|
|
|a OND
|
| 968 |
|
|
|d 34
|
| 999 |
|
|
|c 656340
|d 658270
|
| 952 |
|
|
|a SNK
|b SNK
|y VYP
|7 0
|p 17A0586946
|o snkSC 131807 D1
|i snk2008/9311
|8 0
|0 0
|1 0
|4 0
|d 2008-04-24
|l 0
|r 2026-02-23 18:37:26
|w 2026-02-23
|
| 952 |
|
|
|a SNK
|b SNK
|y PREZ
|7 0
|p 17A0586947
|o snkSC 131807
|i snk2008/9310
|8 0
|0 0
|1 0
|4 0
|d 2008-04-24
|f 1
|l 0
|r 2025-06-23 00:00:00
|w 2026-02-23
|